When I am an old woman I shall wear purple

Neal A. Newfield, Ph.D., LICSW (Giver)

Αποθηκεύτηκε σε:
Λεπτομέρειες βιβλιογραφικής εγγραφής
Κύριος συγγραφέας: Martz, Sandra
Μορφή: Βιβλίο
Γλώσσα:Undetermined
Έκδοση: Watsonville, CA Papier-Mache 1991
Θέματα:
Διαθέσιμο Online:http://lrc.tdmu.edu.vn/opac/search/detail.asp?aID=2&ID=32201
Ετικέτες: Προσθήκη ετικέτας
Δεν υπάρχουν, Καταχωρήστε ετικέτα πρώτοι!
Thư viện lưu trữ: Trung tâm Học liệu Trường Đại học Thủ Dầu Một
LEADER 00898nam a2200205Ia 4500
001 TDMU_32201
008 210410s9999 xx 000 0 und d
082 |a 306.766 0973 
090 |b M109 
100 |a Martz, Sandra 
245 0 |a When I am an old woman I shall wear purple 
245 0 |c edited by Sandra Martz 
260 |a Watsonville, CA 
260 |b Papier-Mache 
260 |c 1991 
300 |a 177, [19] p. 
520 |a Neal A. Newfield, Ph.D., LICSW (Giver)  |d 2017 
650 |a Aging  |x Literary collections; American literature  |y 20th century; Older people's writings, American; Older women  |x Literary collections; Women  |x Literary collections; Văn học Mỹ  |y Thế kỷ 20; Phụ nữ lớn tuổi  |x Bộ sưu tập văn học 
856 |u http://lrc.tdmu.edu.vn/opac/search/detail.asp?aID=2&ID=32201 
980 |a Trung tâm Học liệu Trường Đại học Thủ Dầu Một